[Event "Elgoibar 09th"]
[Site "Elgoibar"]
[Date "1999.??.??"]
[Round "3"]
[White "Sanz Alonso, Francisco Javier"]
[Black "Lazarev, Vladimir"]
[Result "1-0"]
[WhiteElo "2435"]
[BlackElo "2501"]
[Annotator "Ribli,Z"]
[PlyCount "77"]
[EventDate "1999.11.??"]
[EventType "tourn"]
[EventRounds "9"]
[EventCountry "ESP"]
[EventCategory "9"]
[SourceTitle "CBM 075"]
[Source "ChessBase"]
[SourceDate "2000.04.05"]
[SourceVersion "1"]
[SourceVersionDate "2000.04.05"]
[SourceQuality "1"]

1. e4 c5 2. Nf3 Nc6 3. d4 cxd4 4. Nxd4 Qc7 5. Nc3 e6 6. f4 Nxd4 {Das ist die
beste Fortsetzung für Schwarz. Nach 6...a6 muß er mit 7.Nxc6 rechnen.} 7. Qxd4
{Die Dame steht etwas exponiert auf d4, das verschafft Schwarz taktische
Chancen.} a6 8. Be3 (8. Be2) 8... b5 9. Be2 (9. Bd3) 9... Bb7 10. Bf3 {Eine
seltene Fortsetzung. Statt dessen spielt man oft lange oder kurze Rochade.} (
10. O-O Rc8 11. Rad1 Nf6 12. Bf3 Be7 $5 (12... h5 13. Kh1 $5 (13. Rd2 $5 Be7
14. Rfd1 d6 15. a4 {Taimanov,M}) 13... Be7 14. Rd2 d6 15. a4 $2 b4 $1 16. Nd1
O-O 17. Nf2 e5 18. Qd3 Rfd8 19. Qe2 d5 {0-1 Nunn,J-Andersson,U/Szirak 1987/CBM
03/[Ftacnik] (40)}) 13. e5 Bxf3 14. gxf3 (14. Rxf3 Ng4 $11) 14... Nh5 15. Ne4
f5 16. Nd6+ Bxd6 17. Qxd6 Qxd6 18. Rxd6 Rxc2 19. Rxa6 O-O (19... Ke7 $5 20. Rd1
Rhc8 21. Ra7 R8c7 $132) 20. Rf2 Rfc8 21. Rd6 R2c4 22. Rxd7 $1 Nxf4 23. Bxf4
Rxf4 24. Re7 $14 {1/2-1/2 Nisipeanu,L-Yegiazarian,A/Bucuresti 72/186 1998/}) (
10. O-O-O) 10... Rc8 11. Rd1 (11. O-O h5 12. h3 h4 13. Rad1 Nf6 14. Rf2 (14. e5
Nh5 15. Bxh5 (15. Bxb7 Qxb7 16. Qe4 $6 Qxe4 17. Nxe4 Rxc2 18. Rc1 Rc6 19. Rfd1
Ng3 $1 $17 {Velimirovic,D-Andersson,U/Reggio Emilia 1986/Inf 43 (19)}) 15...
Rxh5 16. Rf2 Bc5 17. Qd3 Bxe3 18. Qxe3 Qc5 19. Qd3 Rc7 20. Ne4 Bxe4 21. Qxe4
Rf5 22. Rd3 Qa7 23. Rd4 g5 24. c3 Rc5 25. fxg5 Rcxe5 26. Qxh4 Re1+ 27. Kh2 Qc7+
28. Rff4 Qe5 {1/2-1/2 Martin Gonzalez,A-De la Riva,O/Salamanca 1998/EXT 99 (51)
}) (14. Rd2 {In unserer Partie haben wir dieselbe Stellung.}) 14... Bc5 15. Qd3
Bxe3 16. Qxe3 b4 17. Na4 O-O 18. Nb6 Rcd8 19. e5 Bxf3 20. Qxf3 Ne8 21. Qe3 $2 (
21. Na4 f6 22. Qe4 fxe5 23. fxe5 Rxf2 24. Kxf2 $14) 21... d5 22. Na4 g6 23. Qc5
$5 {1/2-1/2 Dvoirys,S-Tregubov,P/Russia (ch) 73/224 1998/Inf 73/[Tregubov,P] 
(45)}) 11... h5 {Das ist ein typischer Zug für diese Variante. Schwarz möchte
am Königsflügel Raum gewinnen, gleichzeitig bereitet er das Springermanöver
Nf6-g4 vor.} 12. Rd2 $5 $146 {Weiß rochiert noch nicht - zuerst macht er einen
gewöhnlichen und nützlichen Zug. Der Turm auf der zweiten Reihe verteidigt den
Pc2 und bereitet die eventuelle Turmverdopplung vor.} (12. O-O {Das wäre die
theoretische Hauptvariante.}) 12... Nf6 13. h3 {Weiß darf den Zug 13...Ng4
nicht zulassen, aber diese Fortsetzung schwächt das Feld g3.} h4 14. O-O Be7
$11 (14... Bc5 $5 15. Qxc5 (15. Qd3) 15... Qxc5 16. Bxc5 Rxc5 17. e5 Bxf3 18.
Rxf3 (18. exf6 Bc6 $11 {Schwarz hat mindestens Ausgleich - der Bc6 steht sehr
stark.}) 18... b4 19. Na4 Rd5 20. Rfd3 Rxd3 21. Rxd3 Nd5 $13) 15. e5 Bxf3 $6 (
15... Nh5 $5 16. Bxh5 (16. Ne4) 16... Rxh5 17. Rfd1 Bc6 $11 {Weiß übt spürbar
Druck auf der d-Linie aus, anererseits besitzt Schwarz das Läuferpaar, und der
Pd7 ist leicht zu verteidigen.}) 16. Rxf3 $14 {Weiß kann zufrieden sein - er
konnte die gefährlichste schwarze Figur - den weißfeldrigen Läufer tauschen.}
b4 (16... Nh5 17. Ne4 $14 {Weiß hat Raumvorteil, und es ist nicht leicht für
Schwarz, aktives Gegenspiel finden.}) 17. exf6 bxc3 18. fxg7 Rg8 19. bxc3 f5 {
[%mdl 256] Schwarz muss so fortsetzen, sonst droht stets f4-f5.} (19... f6) (
19... d5 $2 20. f5 $40) 20. Bf2 {Ein nützlicher Läuferzug - damit kontrolliert
er den Ph4 und erlaubt z.B. Rfd3.} Qc6 (20... d5 21. Re3 $16) 21. c4 {[%cal
Gf3a3]} (21. Rfd3 d5 22. Re2 Kf7 $132) 21... Rc7 22. Qe5 (22. Rb3 $5 Qxc4 23.
Rb8+ Kf7 24. Qxc4 Rxc4 25. Rxg8 Kxg8 26. Rxd7 Bf6 $14) 22... Qxc4 23. Bd4 (23.
Rb3 $40) 23... Bc5 (23... Bb4 24. c3 $16) 24. Qf6 (24. Rb3 $16) 24... Bxd4+ 25.
Rxd4 Qxa2 26. Rb4 $6 (26. c4 $5 $36) (26. Rb3 Qxc2 27. Rb8+ Rc8) (26. Rxd7 $5
Rxd7 27. Rb3 Qxb3 28. cxb3 Rdxg7 29. Qxe6+ Kd8 $11) 26... Qxc2 $11 27. Qg6+ (
27. Rb8+ Rc8) 27... Ke7 28. Kh2 Qd2 29. Qh7 Kf7 30. Rb8 Rxg7 (30... Rxb8 31.
g8=Q+ $18) 31. Qh5+ Rg6 32. Qh7+ Rg7 33. Qh5+ Ke7 $6 (33... Rg6 $11 {Dieser
Zug hätte fürs Remis ausgereicht. Es droht Matt auf g2, deshalb muss Weiß sich
mit Dauerschach zufrieden geben.}) 34. Qe8+ Kd6 $4 {[%mdl 8192] Mit diesem Zug
vergibt Schwarz das Remis und verliert sofort.} (34... Kf6 35. Qf8+ (35. Qd8+
Kf7 $11) 35... Kg6 36. Qe8+ Kf6 $11) 35. Qf8+ {[%cal Rf8d6,Rf8g7]} Re7 36. Re8
$18 Rc2 37. Qxe7+ Kc6 38. Rc8+ Kb7 39. Rxc2 {Schwarz ist völlig verloren - er
gab auf.} 1-0

[Event "Linares 18th"]
[Site "Linares"]
[Date "2001.02.23"]
[Round "1"]
[White "Grischuk, Alexander"]
[Black "Polgar, Judit"]
[Result "1/2-1/2"]
[WhiteElo "2663"]
[BlackElo "2676"]
[Annotator "Ribli,Z"]
[PlyCount "91"]
[EventDate "2001.02.23"]
[EventType "tourn"]
[EventRounds "10"]
[EventCountry "ESP"]
[EventCategory "19"]
[SourceTitle "CBM 082"]
[Source "ChessBase"]
[SourceDate "2001.05.17"]
[SourceVersion "1"]
[SourceVersionDate "2001.05.17"]
[SourceQuality "1"]

1. e4 {Ftacnik} c5 2. Nf3 e6 3. d4 cxd4 4. Nxd4 Nc6 5. Nc3 Qc7 {Die beste
Schachspielerin der Welt spielt gerne die Taimanov - Variante.} 6. Be2 {
Das neue russische Talant wählt die klassische Fortsetzung.} a6 7. O-O Nf6 8.
Kh1 {Dieser Zug ist eine gute Fortsetzung für Weiß - denn nach 8.Be3 kann
Schwarz entweder 8...Bb4 oder 8...d6 spielen. Wenn Schwarz nach 8.Kh1 8...Bb4
zieht, ist das zwar spielbar aber wegen 9.Bg5 weniger gut. Die Alternative 8...
d6 führt, wie auch nach 8.Be3, zur Scheweninger Variante.} Nxd4 {Neben 8...d6
und 8...Bb4 ist diese Fortsetzung von eigenständiger Bedeutung.} 9. Qxd4 Bc5
10. Qd3 b5 11. f4 Bb7 (11... h5 $2 {Dieser Zug ist typisch für solche
Stellungen, hier jedoch wäre er verfehlt.} 12. e5 Ng4 13. Qh3 Nf2+ 14. Rxf2
Bxf2 15. Qf3 Qa7 16. Ne4 Bb6 17. a4 $16 {Und Weiß hat mehr als ausreichende
Kompensation für die Qualität.}) 12. Bf3 (12. e5 Nd5 13. Ne4 Nb4 $15 (13... Be7
)) 12... O-O (12... h5 {Das ist die Alternative für Schwarz.}) (12... b4 13. e5
bxc3 14. exf6 $14) 13. e5 Ne8 14. a4 (14. Bxb7 Qxb7 15. f5 (15. Ne4 Be7 16. f5
f6 17. fxe6 dxe6 18. exf6 Nxf6 $11 {Der Pe6 ist eine Schwäche, aber Schwarz
hat aktives Spiel.}) 15... f6 (15... exf5 $6 16. Rxf5 $40) 16. Bf4) 14... b4
15. Bxb7 Qxb7 16. Ne4 Be7 17. Be3 (17. f5 $5 {Das ist eine chancenreche
Fortsetzung für Weiß.} f6 18. fxe6 dxe6 19. exf6 Nxf6 20. Ng5 Qd5 21. Bf4 Qxd3
22. cxd3 Nd5 23. Nxe6 Nxf4 24. Nxf4 Bf6 25. Rab1 Be5 26. Nd5 b3 27. g3 {
1-0 Zapata,A-Mosquera,M/Fusagasuga 1999/CBM 73 ext (99)}) 17... Qc6 {[%csl Gc6]
[%cal Gc6a4,Gc6c2] Die schwarze Dame steht gut auf c6, von hier aus
kontrolliert sie den Pa4 und den Pc2.} 18. Ng5 (18. f5 f6 19. fxe6 dxe6 20.
exf6 Nxf6 21. Ng5 Rad8 22. Bd4 Rd5 $15 23. Qe3 e5 24. Bxe5 Ng4 25. Rxf8+ Bxf8
26. Qf4 Nxe5 27. Rf1 Qf6 28. Qc1 Qd6 29. Qf4 Rd1 {0-1 Sibarevic,M-Rajkovic,D/
Niksic 1996/EXT 2000 (29)}) 18... g6 $5 {Ftacnik: 'The improvement of the
theory, black has no reason to complain.' Dieser Zug wurde vor 11 Jahren (nach
der Partie Anand,V - Ribli,Z Novi Sad /ol/ 1990) von Anand empfohlen. Die
schwarze Stellung ist nur scheinbar passiv, in der Folge kann der Nachziehende
die Stellung mit d6 sprengen.} (18... Bxg5 $2 19. fxg5 Nc7 (19... Rc8 {Ftacnik}
20. Bd2 $1 a5 21. c3 $16) (19... d6 {Ftacnik} 20. Rf4 Rc8 (20... dxe5 {Ftacnik}
21. Rxb4 $16) 21. exd6 Qxd6 22. Rd4 Qc6 23. Rxb4 Qxc2 24. Qxa6 $18) 20. Rf4 $1
Nd5 21. Rc4 Qb7 22. Bc5 Rfc8 23. Rf1 g6 24. Qh3 $1 d6 $8 25. exd6 {1-0 Anand,
V-Ribli,Z/Novi Sad 1990/TD/[Ftacnik] (31)}) (18... f5 19. exf6 Nxf6 20. Bd4 g6
21. Qh3 Nh5 $1) 19. Rad1 (19. Bd4 Rc8 $11) 19... d6 20. Bd4 (20. Nf3 $5 Rd8 $13
(20... Qxa4 21. f5 dxe5 22. fxg6 hxg6 23. Ra1 Qc6 24. Nxe5 $36)) (20. exd6 $5
Nxd6 $15 {[%cal Gd6f5]}) 20... dxe5 21. Bxe5 Nf6 {'!' Ftacnik.} (21... Rd8 $5
22. Qf3 (22. Qh3 Bxg5 23. fxg5 Rxd1 24. Rxd1 Qxc2 $17) (22. Qb3 Nf6 $11) 22...
Qxf3 23. Nxf3 Nd6 $11) (21... f6 {Ftacnik} 22. Qd7 $1 Qxd7 23. Rxd7 fxg5 (23...
Bd8 {Ftacnik} 24. Nxe6 fxe5 25. Nxf8 Kxf8 26. fxe5+ $16) 24. Rxe7 Rc8 25. c3
$14) 22. Qh3 h5 $1 {[%mdl 4] Ftacnik: 'The excelent defensive move, Polgar is
already enjoying a slight plus.'} (22... Nh5 23. Nf3 {'!' Ftacnik.} Qxc2 24. g4
Nf6 (24... Ng7 25. Rd7 Bd8 (25... Rfe8 26. Qh6 f6 27. Ng5 $1 {Dieser Zug ist
typisch, aber sehr schön.} Qc6+ 28. Rf3 $18) 26. Qh6 Ne8 27. Rxd8 Rxd8 28. Ng5
$18) 25. Qh4 Nd5 26. Qh6 f6 27. Ng5 Rf7 $1 28. Rc1 {Das ist ein wichtiger
Verteidigungszug - damit wird Schwarz die Möglichkeit zu Bc5+ genommen.} (28.
Nxf7 $2 Qe4+ 29. Kg1 Bc5+ 30. Rf2 Qe2 $19) 28... Qd3 29. Nxf7 Qe4+ 30. Kg1 Qe3+
$11) 23. Nf3 (23. Qb3 {Ftacnik} Rac8 $15) 23... Ng4 $15 (23... Qxc2 $5 24. Nd4
Qxa4 25. f5 Ng4 {Jetzt droht 26...Nf2+.} 26. b3 (26. fxg6 {Ftacnik} Nf2+ $19) (
26. Rde1 {Ftacnik} Nxe5 27. Rxe5 Bf6 28. fxg6 Bxe5 29. Qxh5 fxg6 30. Qxg6+ Bg7
31. Qxe6+ Kh7 32. Qe4+ Kh8 33. Qh4+ Kg8 $19) 26... Qe8 27. Qg3 (27. fxg6 {
Ftacnik} Nxe5 28. Nxe6 fxg6 $1 (28... fxe6 {Ftacnik} 29. Qxe6+ Kg7 30. Qxe5+
Kxg6 31. Rfe1 Rd8 $19) 29. Nxf8 Bxf8 $19) 27... exf5 28. Nxf5 gxf5 29. Rxf5 f6
$19) 24. Nd4 Qc5 {[%csl Gg4][%cal Gc5d4,Gc5e5] Der weiße Angriff ist vorüber.
Während Schwarz aktives Figurenspiel besitzt, sthet Weiß vor Problemen bei der
Koordination seiner Figuren.} (24... Qxa4 $5 $15 25. Qf3) 25. Qg3 Rad8 26. c3 {
Dieser Zug ist nicht schön, aber Weiß muss den Nd4 verteidigen.} bxc3 27. bxc3
{[%csl Ra4,Rc3]} Rd5 {[%csl Re5]} (27... Qc4 {Ftacnik} 28. h3 Nxe5 29. fxe5
Qxa4 30. Qd3 Rd5 $15) 28. Rde1 Rc8 {Schwarz hat nicht nur das bessere
Figurenspiel, zudem ist auch noch die gegnerische Bauernstruktur schwach.} (
28... Qc4 {Ftacnik} 29. h3 Nxe5 30. fxe5 h4 31. Qg4 Bc5 32. Rf3 Bxd4 33. Qxh4
Qxc3 34. Rxc3 Bxc3 35. Re2 Bxe5 $15) 29. Rf3 Bf8 $1 {Nach Nxe5 möchte Schwarz
den Pe5 mit seinem Läufer von g7 aus attackieren.} (29... Qc4 {Ftacnik} 30. h3
Nh6 (30... Nxe5 {Ftacnik} 31. fxe5 Qxa4 32. Ref1 $132) 31. f5 Nxf5 32. Nxf5
exf5 33. Rf4 $15) 30. h3 Nxe5 31. fxe5 (31. Rxe5 Rxe5 32. fxe5 Bg7 $17) 31...
Bg7 $17 {[%csl Re5]} 32. Rfe3 (32. Qf4 {Ftacnik} Qc7 33. Rfe3 Rc5 $17) 32...
Qa5 $2 {'(+)?' Ftacnik. Ftacnik: 'Serious mistake in time trouble, Grischuk is
getting a chance for a mighty counterplay.' Schwarz ist zu optimistisch - der
entscheidende Nachteil dieses Zugs ist, dass sich die schwarze Dame zu weit
vom Königsflügel entfernt.} (32... Qc4 33. Nxe6 (33. Rb1 {Ftacnik} Qxa4 34. Rb7
$15) 33... h4 {'!' Ftacnik.} 34. Qg5 fxe6 35. Qxg6 Qc6 36. Rf3 Qe8 $17) (32...
Qc7 $5 $17) 33. Nxe6 $3 {[%mdl 256] '!' Ftacnik. Das ist die einzige
Gegenchance für Weiß! Durch dieses Opfer bekommt er zwei Bauern für die Figur.
Zudem ist der schwarze Königsflügel so schwach, dass Weiß Dauerschach
erreichen kann.} fxe6 34. Qxg6 {[%csl Ra5]} Qb6 $6 {Nach diesem Zug erhält
Weiß die Initiative, und Schwarz muss seine Stellung präzise verteidigen.} (
34... Rxc3 $5 35. Qxe6+ Kh7 36. Qf5+ $11) 35. Rf3 {[%csl Rg8] '!' Ftacnik.} Rf8
(35... Rd7 $2 36. Ref1 Rb8 37. Kh2 $18 {Weiß bereitet 38.Rf7 vor und geht dem
möglichen Schach durch Qb1+ aus dem Wege.} (37. Rf7 $2 Rxf7 38. Rxf7 Qb1+ $19))
36. Rxf8+ Kxf8 37. Rf1+ Kg8 38. Qe8+ (38. Kh2 $5 {Nach diesem Zug ist es
Schwarz, der vorsichtig agieren muss.} Qb7 {'!' Ftacnik.} (38... Kh8 39. Rf5 (
39. Qxh5+ {Ftacnik} Kg8 40. Qg6 Kh8 41. Rf5 Bxe5+ 42. Rxe5 Rxe5 43. Qf6+ Kg8
44. Qxe5 $18) 39... exf5 40. Qxb6 Bxe5+ 41. Kg1 $18) 39. Qxe6+ Kh8 (39... Kh7
40. Rf7 Rxe5 41. Qf6 $18) 40. Qe8+ (40. Rf5 Rxe5 41. Rxe5 Qc7 42. Qe8+ Kh7 43.
Qxh5+ $11) 40... Kh7 41. Qxh5+ Kg8 42. Qe8+ Kh7 43. Rf7 (43. Rf5 Rxe5 $11)
43... Qb6 $11 44. Re7 (44. Rf5 {Ftacnik} Rxe5 45. Rxe5 Qd6 46. Qh5+ Kg8 47.
Qe8+ $11) 44... Qh6 45. Qf7 Rxe5 46. Rxe5 Qd6 $11) (38. Rf7 $2 {Ftacnik} Rd1+
39. Kh2 Qg1+ 40. Kg3 Qe1+ 41. Kh2 Qxe5+ $19) 38... Kh7 39. Qxh5+ Kg8 40. Qf7+
Kh7 41. Qh5+ {Weiß hat drei Bauern für die Figur, aber der Schlüsselbauer auf
e5 ist schwach. Schwarz besitzt ausreichend Gegenspiel.} Kg8 42. Rf4 {Droht 43.
Qe8+ und 44.Rh4+.} (42. Qe8+ $11) 42... Qb1+ 43. Kh2 Bxe5 44. Qf7+ {Und Remis
durch Dauerschach.} Kh8 45. Qf8+ Kh7 46. Qe7+ $11 1/2-1/2

[Event "Elbow Beach Club GM-A"]
[Site "Paget Parish"]
[Date "2001.01.21"]
[Round "2"]
[White "Stefansson, Hannes"]
[Black "Vescovi, Giovanni P"]
[Result "0-1"]
[WhiteElo "2570"]
[BlackElo "2519"]
[Annotator "Ribli,Z"]
[PlyCount "72"]
[EventDate "2001.01.20"]
[EventType "tourn"]
[EventRounds "10"]
[EventCountry "BER"]
[EventCategory "13"]
[SourceTitle "CBM 081"]
[Source "ChessBase"]
[SourceDate "2001.03.20"]
[SourceVersion "1"]
[SourceVersionDate "2001.03.20"]
[SourceQuality "1"]

1. e4 c5 2. Nf3 e6 3. d4 cxd4 4. Nxd4 Nc6 5. Nc3 Qc7 6. Be2 {Der isländische
GM spielt gerne diese sogenannte klassische Variante.} a6 7. O-O Nf6 8. Kh1 {
Das ist eine schlaue Zugfolge - nach 8.Be3 ist die Fortsetzung 8...Bb4 derzeit
sehr beliebt, nach dem Textzug wäre 8...Bb4 hingegen wegen 9.Bg5 weniger gut.
In beiden Fällen (nach 8.Be3 und 8.Kh1) kann Schwarz mit 8...d6 die
Scheweninger Variante erreichen.} Nxd4 9. Qxd4 Bc5 10. Qd3 b5 {Heutzutage ist
dieser Zug fast selbstverständlich, im Jahr 1967 war es noch eine echte
Neuerung (Liebert,H - Furman,S Polanica Zdroj 1967).} (10... h5 {Auch dieser
Zug ist spielbar, es gibt viele Varianten, in denen Schwarz b5 und h5 (oder
umgekehrt) zieht.}) 11. f4 Bb7 (11... h5 $6 12. e5 Ng4 13. Bf3 (13. Qh3 $5)
13... Rb8 14. Bd2 Nh6 15. Ne4 (15. Bxh5 Bb7 16. Bf3 Nf5 17. Bxb7 Qxb7 18. Rad1
$14 (18. Ne4 $4 Qxe4 19. Qxe4 Ng3#)) 15... Nf5 16. g3 Bb7 17. a4 $14) 12. a4 {
Das ist eine seltene Fortsetzung. Weiß möchte Schwarz am Damenflügel
provozieren, wonach die lange Rochade für Schwarz in vielen Varianten
fragwürdig wird.} (12. e5 Nd5 13. Nxd5 (13. a3 Rc8 14. Ne4 Be7 15. c3 O-O 16.
Bd2 f5 $13) (13. Bf3 Nxc3 14. Qxc3 Rc8 15. Bxb7 Qxb7 16. Qg3 g6 $13) (13. Ne4
$2 Nb4 14. Nd6+ (14. Qf3 Nxc2 $17) 14... Bxd6 15. exd6 Qxc2 $17) 13... Bxd5 14.
Qg3 g6 15. Bd2 (15. f5 gxf5 16. Bf3 Qc6 17. Bg5 Rg8 18. Qh4 Bxf3 19. Rxf3 Qe4
20. Bf4 Rg4 21. Qh6 Bf8 22. Qh3 Rxf4 {0-1 Szelag,M-Gorjatschkin,W/Poznan 1995/
EXT 2001 (22)}) 15... Qb7 16. b4 Be7 17. a4 O-O 18. Bf3 Rac8 19. c3 f6 20. axb5
axb5 21. Bxd5 Qxd5 22. Qe3 Rc4 23. exf6 Bxf6 24. h3 Rfc8 $13 {1-0 Zarkovic,
D-Sheldon,R/Menorca 1996/Juniors (35)}) (12. Bf3 $5 {Dieser Zug ist die
eigentliche Hauptvariante.}) 12... b4 13. e5 Nd5 (13... bxc3 $5 14. exf6 gxf6
15. Qxc3 Bb6 $5 (15... Rg8 16. Bf3) 16. Qxc7 (16. Qxf6 Rg8 17. Bf3 Bxf3 18.
Rxf3 Qxc2 $19) 16... Bxc7 $11) 14. Ne4 {Jetzt wird die Idee des Zugs 12.a4
deutlich. Ohne die Zwichenzüge 12.a4 b4 hätte Schwarz hier Nb4 mit Vorteil
ziehen können (s. die Anmerkungen zu 12.e5).} (14. Nxd5 Bxd5 15. Bd2 d6 $11 (
15... O-O 16. c4 Bb7 $11 (16... bxc3 17. Bxc3 Rfb8 18. f5 Rb3 $13))) 14... Be7
15. Qg3 g6 16. Bd3 {Die Stellung ist Weiß nicht unbekannt - in Istanbul (auf
der Schacholympiade 2000) hatte er die Stellung schon enmal auf dem Brett.} a5
$146 {Schwarz legt sich noch nicht auf einen Platz für seinen König fest,
sondern festigt seine Bauernstellung und droht eventuell mit Ba6.} (16... f5 $6
17. exf6 Nxf6 18. Ng5 Nh5 19. Qg4 Bxg5 20. Qxg5 O-O 21. Bd2 Rf7 22. Rae1 Raf8
23. f5 {1-0 Stefansson,H-Milos,G/Istanbul 2000/EXT 2001 (37)}) (16... O-O 17.
f5 exf5 18. Rxf5 $40) 17. f5 gxf5 (17... exf5 18. Nd6+ $18) 18. Rxf5 {[%mdl 64]
} (18. Nd6+ Bxd6 19. exd6 Qc6 20. Rxf5 O-O-O (20... Ne7 21. Rg5 Ng6 22. Be3 $16
) 21. Rxf7 Rhg8 $13) {[#]} 18... f6 $3 {[%mdl 256] Ein ausgezeichneter und
vermutlich vorbereiteter Verteidigungszug - nach 16...a5 17.f5 war alles
forciert. Jetzt hängt schon der Rf5, denn in der Variante Nd6+ Bxd6 exd6 droht
nicht mehr das Damenschach auf e5. Zudem hat Weiß einige Probleme mit seinem
Pe5.} (18... exf5 $2 19. Nd6+ Kd8 (19... Bxd6 20. exd6 $18 {[%cal Rd6c7,Rg3e5,
Re5e8,Re5h8]}) (19... Kf8 20. Bh6#) 20. Nxf7+ Kc8 21. Nxh8 $18) 19. Nd6+ (19.
Rh5 fxe5 20. Qg7 (20. Rxe5 O-O-O $15) 20... O-O-O $15) 19... Bxd6 20. exd6 Qb6
$15 {[%csl Gb6,Gd5][%cal Gb7h1] Jetzt hängt der Rf5, und der schwarze König
steht sicher in der Mitte, auch die lange Rochade ist noch möglich. Die weiße
Königsstellung ist gefährdet und kann in der Folge schwach werden. Der
schwarze Bb7 steht traditionell gut, ebenso der auf d5 "einbetonierte"
Springer.} 21. Rh5 (21. Rf3 O-O-O $15 {[%cal Gh8g8,Gg8g2]}) 21... O-O-O $1 22.
Rxh7 (22. c4 $2 bxc3 23. bxc3 Rhg8 24. Qh3 Nf4 $19) 22... Rxh7 (22... Rhg8 23.
Rg7 Rxg7 24. Qxg7 Qxd6 $15) 23. Bxh7 f5 $17 {[%csl Rh7] Der Bh7B ist
abgeschlossen - Schwarz hat viel mehr als nur ausreichende Kompensation für
den Bauern.} 24. c3 (24. Bg5 Rh8 25. Bg6 Qd4 {[%csl Gd4]} 26. c3 Qg7 27. Bd2
Nf6 $19 {[%cal Gf6e4]}) 24... bxc3 25. bxc3 Nf6 {[%cal Rf6h7,Rf6e4,Re4g3,Re4f2,
Rf2h1] Nach diesem Springerzug hängt der Bh7, es droht das tödliche 26...Ne4.}
26. Be3 Qb2 27. Rg1 Nxh7 $19 {Schwarz hat eine ganze Figur mehr. Der Nh7 steht
zwar in der Tat schlecht, aber Schwarz kann sich dieses Problems mit
Leichtigkeit entledigen.} 28. Qg7 f4 $1 (28... Nf8 29. Bg5 Bxg2+ (29... Re8 30.
Qf7 Bxg2+ $11) 30. Rxg2 Qb1+ 31. Rg1 Qe4+ $11) 29. Bxf4 Qc2 {[%cal Gc2h7]
Jetzt ist der Nh7 verteidigt. Die weißen Bauern am Königsflügel zählen nicht
viel.} 30. Bh6 (30. Qd4 Qe4 31. Qc5+ Qc6 32. Qxa5 Rg8 $19) 30... Qe4 31. c4 e5
{Mit diesem Zug schließt Schwarz die Diagonale h8-a1, ein Zug wie Qc3 ist
jetzt nicht mehr möglich.} 32. h3 Nf8 {[%cal Gf8e6,Ge6f4] Nun zeigt sich eine
andere Idee des Zuges 31...e5, es droht 33...Ne6.} 33. Qg3 Ne6 {[%cal Ge6f4]}
34. Rf1 Qh7 {[%csl Rh1][%cal Rd8g8,Rg8g2,Rh7h6]} 35. Qe3 Qg6 36. Qd2 Rh8 (36...
Rh8 37. Be3 Rxh3+ 38. Kg1 Rxe3 $19) 0-1